| 000 | 00839 a2200193 4500 | ||
|---|---|---|---|
| 999 |
_c532262 _d532262 |
||
| 003 | Nust | ||
| 005 | 20191114155336.0 | ||
| 038 | _aMSOHAIL | ||
| 040 | _cNust | ||
| 082 | _a628.92 | ||
| 100 |
_aNational fire protection assosiation _925641 |
||
| 245 |
_aNational Fire Codes _c\ Vol-1-16 |
||
| 250 | _avol 1-16 | ||
| 260 |
_aQuincy _bNational fire protection Association _c1983 |
||
| 300 | _ap;737 | ||
| 505 | _aForest Products, Outdoor Storage of (Page-46-1) Wood Chips Outdoor Storage of (Page-46A-1) Logs, Outdoor Storage of (Page-46B-1) Lumber Storage Yards Retail and Wholesale (Page-47-1) Zirconium, Fire and Explosion Prevention in Plants Producing and Handling (Page-482M-1) Hazardous Chemical Data (Page-49-1) Hazardous Chemical Reactions, Manual of (Page-491M-1) | ||
| 538 | _aAlmirah No.42 Shelf No. 3 | ||
| 942 |
_2ddc _cBK |
||